Sacro-occipital technic, 1946 ... (Record no. 38058)

MARC details
000 -LEADER
fixed length control field 00541cam a22002051 4500
001 - CONTROL NUMBER
control field med47000399
003 - CONTROL NUMBER IDENTIFIER
control field DLC
005 - DATE AND TIME OF LATEST TRANSACTION
control field 20260227111559.0
008 - FIXED-LENGTH DATA ELEMENTS--GENERAL INFORMATION
fixed length control field 810815s1946 xx a 000 0 eng
010 ## - LIBRARY OF CONGRESS CONTROL NUMBER
LC control number med47000399
035 ## - SYSTEM CONTROL NUMBER
System control number (OCoLC)14731089
040 ## - CATALOGING SOURCE
Original cataloging agency DLC
Transcribing agency DNLM
Modifying agency DLC
042 ## - AUTHENTICATION CODE
Authentication code premarc
050 00 - LIBRARY OF CONGRESS CALL NUMBER
Classification number RZ241
Item number .D393 1946
060 0# - NATIONAL LIBRARY OF MEDICINE CALL NUMBER
Classification number WB 905
Item number D326s 1946
100 1# - MAIN ENTRY--PERSONAL NAME
Personal name De Jarnette, Bertrand,
Dates associated with a name 1899-1992.
245 10 - TITLE STATEMENT
Title Sacro-occipital technic, 1946 ...
260 ## - PUBLICATION, DISTRIBUTION, ETC.
Place of publication, distribution, etc. Nebraska City, Nebr.,
Date of publication, distribution, etc. c1946.
300 ## - PHYSICAL DESCRIPTION
Extent x, 98 p.
Other physical details ill.

No items available.

Powered by Koha